000 00490nam a22001337a 4500
003 0
005 20230314143358.0
008 230314b xxu||||| |||| 00| 0 eng d
050 _aLB 1025
_b.Sh38 2021
245 _aA comparative study of teaching strategies in the core subjects of grade 7-12 of Southville International School and Colleges
_cGreatchen V. Shultz
260 _aLas Pinas City
_bSouthville International School and Colleges
_cC2021
300 _c28CM.
_fTheses
942 _2lcc
_cTH
999 _c364948
_d364948